MARC details
| 000 -LEADER |
| campo de control de longitud fija |
02170nam a2200457 i 4500 |
| 001 - NÚMERO DE CONTROL |
| campo de control |
195977 |
| 003 - IDENTIFICADOR DE NÚMERO DE CONTROL |
| campo de control |
ES-MaACL |
| 005 - FECHA Y HORA DE LA ÚLTIMA TRANSACCIÓN |
| campo de control |
20250720063107.0 |
| 008 - DATOS DE LONGITUD FIJA--INFORMACIÓN GENERAL |
| campo de control de longitud fija |
240801s2020 sp a | |||| 001 0dspa |
| 015 ## - NÚMERO DE BIBLIOGRAFÍA NACIONAL |
| Número de bibliografía nacional |
MON20 |
| 017 ## - NÚMERO DE COPYRIGHT O DE DEPÓSITO LEGAL |
| Número de copyright o de depósito legal |
B 15133-2020 |
| Agencia que asigna |
Oficina Depósito Legal Barcelona |
| 020 ## - NÚMERO INTERNACIONAL ESTÁNDAR DEL LIBRO |
| Número Internacional Estándar del Libro |
9788423358199 |
| 035 ## - NÚMERO DE CONTROL DEL SISTEMA |
| Número de control de sistema |
(SpMaBN)a6765372 |
| 040 ## - FUENTE DE CATALOGACIÓN |
| Centro catalogador/agencia de origen |
SpMaBN |
| Lengua de catalogación |
spa |
| Centro/agencia transcriptor |
SpMaBN |
| Normas de descripción |
rda |
| Centro/agencia modificador |
ES-MaACL |
| 080 ## - NÚMERO DE LA CLASIFICACIÓN DECIMAL UNIVERSAL |
| Número de la Clasificación Decimal Universal |
929 Trapiello, Andrés |
| 080 ## - NÚMERO DE LA CLASIFICACIÓN DECIMAL UNIVERSAL |
| Número de la Clasificación Decimal Universal |
94(460.271) |
| 080 ## - NÚMERO DE LA CLASIFICACIÓN DECIMAL UNIVERSAL |
| Número de la Clasificación Decimal Universal |
908(460.271) |
| 100 1# - ENTRADA PRINCIPAL--NOMBRE DE PERSONA |
| Nombre de persona |
Trapiello, Andrés, |
| Fechas asociadas al nombre |
1953- |
| Término indicativo de función/relación |
Autor |
| 9 (RLIN) |
111233 |
| 245 10 - MENCIÓN DEL TÍTULO |
| Título |
Madrid / |
| Mención de responsabilidad, etc. |
Andrés Trapiello |
| 250 ## - MENCION DE EDICION |
| Mención de edición |
Primera edición: octubre de 2020 |
| 264 #1 - PRODUCCIÓN, PUBLICACIÓN, DISTRIBUCIÓN, FABRICACIÓN Y COPYRIGHT |
| Producción, publicación, distribución, fabricación y copyright |
Barcelona : |
| Nombre del de productor, editor, distribuidor, fabricante |
Ediciones Destino, |
| Fecha de producción, publicación, distribución, fabricación o copyright |
[2020] |
| 264 #4 - PRODUCCIÓN, PUBLICACIÓN, DISTRIBUCIÓN, FABRICACIÓN Y COPYRIGHT |
| Fecha de producción, publicación, distribución, fabricación o copyright |
©2020 |
| 300 ## - DESCRIPCIÓN FÍSICA |
| Extensión |
554 páginas : |
| Otras características físicas |
ilustraciones (blanco y negro y color), plano (blanco y negro) ; |
| Dimensiones |
23 cm |
| 336 ## - TIPO DE CONTENIDO |
| Término de tipo de contenido |
Texto |
| -- |
Imagen fija |
| Fuente |
rdacontent |
| 337 ## - TIPO DE MEDIO |
| Nombre/término del tipo de medio |
sin mediación |
| Fuente |
rdamedia |
| 338 ## - TIPO DE SOPORTE |
| Nombre/término del tipo de soporte |
volumen |
| Fuente |
rdacarrier |
| 490 0# - MENCIÓN DE SERIE |
| Mención de serie |
Imago mundi |
| Designación de volumen o secuencia |
308 |
| 500 ## - NOTA GENERAL |
| Nota general |
Índice |
| 520 ## - RESUMEN, ETC. |
| Sumario, etc. |
La historia de una vida y de una ciudad, MADRID, contada de manera prodigiosa, original y apasionada por alguien que llegó a ella hace cincuenta años como tantos: probando fortuna. Este libro es también la biografía de su autor, trenzada igualmente con los viajes de agua, los barrios bajos y los nobles, con reyes, repúblicas y dictaduras, el esplendor y las miserias, la paz y las guerras o la Movida... Y es sobre todo la proclamación de una gran virtud reiterada en este libro magistral y único: la hospitalidad de quienes viven en Madrid. |
| 600 04 - PUNTO DE ACCESO ADICIONAL DE MATERIA--NOMBRE DE PERSONA |
| Nombre de persona |
Trapiello, Andrés, |
| Fechas asociadas al nombre |
1953- |
| 9 (RLIN) |
111233 |
| 651 #4 - PUNTO DE ACCESO ADICIONAL DE MATERIA--NOMBRE GEOGRÁFICO |
| Nombre geográfico |
Madrid- |
| Subdivisión general |
Historia |
| Fuente del encabezamiento o término |
embne |
| 9 (RLIN) |
8963 |
| 651 #4 - PUNTO DE ACCESO ADICIONAL DE MATERIA--NOMBRE GEOGRÁFICO |
| Nombre geográfico |
Madrid- |
| Subdivisión general |
Descripción |
| Fuente del encabezamiento o término |
embne |
| 9 (RLIN) |
8952 |
| 655 #7 - TERMINO DE INDIZACIÓN--GENERO/FORMA |
| Fuente del término |
tgfbne |
| 9 (RLIN) |
226823 |
| Datos o término principal de género/forma |
Autobiografías |
| 852 ## - LOCALIZACIÓN |
| Ubicación |
ES-MaACL |
| Ubicación en estantería |
Depósito J |
| Número de control de estantería |
N-10126 |
| Donativo/Legado |
Donación: José Lázaro García |
| Encuadernación |
Encuadernación cartoné con sobrecubierta |
| Marcas de propiedad |
"Lázaro 2023" |
| itemnumber |
206260 |
| 903 ## - NOMBRE PERSONAL DE DONANTE |
| 9 |
234219 |
| a |
Lázaro García, José |
| e |
Donante |
| 942 ## - ELEMENTOS DE ENTRADA SECUNDARIOS (KOHA) |
| Tipo de ítem Koha |
Libro impreso |
| Suprimir en OPAC |
No |